Participantes do Big Brother Brasil 21 - Statistics

Estatísticas Gerais
  • Esse quiz foi jogado 322 vezes
  • A pontuação média é 18 de 20
Estatísticas das Respostas
Participante % Correto
Juliette Freire
99%
Karol Conká
98%
Gilberto Nogueira
97%
Filipe Galvão (Fiuk)
96%
Arthur Picoli
92%
Camilla de Lucas
92%
Lucas Penteado
92%
Vitória Felício (Viih Tube)
90%
Carla Diaz
89%
Dilson Neto (Nego Di)
89%
Lumena de Aleluia
89%
José Tiago Pereira (Projota)
88%
Sarah Andrade
88%
Caio Afiune
85%
João Luiz Pedrosa
84%
Kerline Cardoso
84%
Thaís Braz
81%
Rodolffo Matthaus
80%
Viviane Queiroz (Pocah)
80%
Arcrebiano Silva
76%
Nenhum quiz correspondente encontrado
Distribuição das Pontuações
Porcentagem de Pessoas com Cada Pontuação
Percentil de Números Respondidos
Sua Pontuação Histórica
Você não jogou esse quiz